000 01295nam a22002775a 4500
001 15359759
005 20080709123524.0
008 080709s2008 flu |r 001 0 eng
010 _a 2008932799
020 _a9780977752720 (alk. paper)
040 _aDLC
_cDLC
082 _222
_a658.4063
_bWHI
100 1 _aWhite, Stephen A.
_913547
245 1 0 _aBpmn Modeling and Reference Guide :
_bUnderstanding and Using bpmn /
_cStephen A. White, PhD, Derek Miers.
260 _aLighthouse Point, FL :
_bFuture Strategies Inc., 2008
_c2008.
263 _a0809
300 _a225 p. :
_bill.;
_c25 cm.
500 _aIncludes index
650 _94786
_aReengineering (Management)
700 _913392
_aMiers, Derek
942 _2ddc
_cBB
999 _c13889
_d13889